| 000 | 00486nam a2200181 4500 | ||
|---|---|---|---|
| 001 | 26699 | ||
| 005 | 20230410115509.0 | ||
| 008 | 060907n1974 dr spa | ||
| 020 | _a0684137283 | ||
| 035 | _9funglode26901 | ||
| 041 | _aEN | ||
| 050 | 1 | 4 | _aHD 9576 V636k 1974 |
| 100 | _aVicker, Ray | ||
| 245 | 1 | 4 |
_aThe kingdom of oil; the Middle East : _bits people and its power / _c Ray Vicker |
| 260 |
_aNew York : _bScribner, _c1974 |
||
| 300 | _a264 p. | ||
| 942 |
_2lcc _cbk |
||
| 999 |
_c42366 _d42366 |
||